| 000 | 00686nam a22002297a 4500 | ||
|---|---|---|---|
| 001 | 49841 | ||
| 003 | BD-RjUL | ||
| 005 | 20211209054733.0 | ||
| 008 | 160822s1997 ii ||||| |||| 00| 0 eng d | ||
| 020 | _a817024742X | ||
| 035 | _a(BD-RjUL)49961 | ||
| 040 |
_aBD-RjUL _beng _cBD-RjUL |
||
| 041 | _aeng | ||
| 082 |
_223 _a634.907154 _bJHM 1997 |
||
| 100 |
_aJha, Lalit Kumar _9149381 |
||
| 245 | 1 | 0 |
_aA Manual of forestry extension education / _cLalit Kumar Jha; P K Sen-Sarma |
| 260 |
_aNew delhi : _bAph publication, _c1997 |
||
| 300 |
_a286 p. : _bill. ; _c23 cm. |
||
| 650 |
_aForestry extension _z India. _9149382 |
||
| 700 |
_aSen-Sarma, P K _9149383 |
||
| 942 |
_2ddc _cBK |
||
| 999 |
_c49841 _d49841 |
||